000 00454nam a22001937a 4500
003 MPLRDC
005 20220104113954.0
008 210129b ||||| |||| 00| 0 eng d
020 _a957-9159-16-5
082 _a848.2 AY v.4
100 _a爱亚著
245 _a给成长的你
_c
250 _a十九印
260 _a
_b尔雅出版社
_c1991
300 _b
490 _a尔雅丛书;221
650 _a现代别集
942 _cBK
_o848.2 AY v.4
999 _c3805
_d3795